Adi Sankaracarya (Record no. 1382754)

MARC details
000 -LEADER
fixed length control field 00687nam a2200301Ia 4500
008 - FIXED-LENGTH DATA ELEMENTS--GENERAL INFORMATION
fixed length control field 160525s9999||||xx |||||||||||||| ||und||
040 ## - CATALOGING SOURCE
Transcribing agency English
082 ## - DEWEY DECIMAL CLASSIFICATION NUMBER
Classification number XV.G/Shankaracharya
082 ## - DEWEY DECIMAL CLASSIFICATION NUMBER
Item number BORI-72040
100 ## - MAIN ENTRY--PERSONAL NAME
Personal name Gautam Patel
245 ## - TITLE STATEMENT
Title Adi Sankaracarya
260 ## - PUBLICATION, DISTRIBUTION, ETC. (IMPRINT)
Place of publication, distribution, etc Gandhinagar
260 ## - PUBLICATION, DISTRIBUTION, ETC. (IMPRINT)
Name of publisher, distributor, etc Government of Gujarat
260 ## - PUBLICATION, DISTRIBUTION, ETC. (IMPRINT)
Date of publication, distribution, etc 1992
300 ## - PHYSICAL DESCRIPTION
Extent xii+233
300 ## - PHYSICAL DESCRIPTION
Dimensions F
300 ## - PHYSICAL DESCRIPTION
Accompanying material Hardbound
530 ## - ADDITIONAL PHYSICAL FORM AVAILABLE NOTE
Availability source Dandekar
530 ## - ADDITIONAL PHYSICAL FORM AVAILABLE NOTE
Uniform Resource Identifier <a href="00072040.pdf">00072040.pdf</a>
563 ## - BINDING INFORMATION
Binding note Ref
600 ## - SUBJECT ADDED ENTRY--PERSONAL NAME
Personal name Gautam Patel
630 ## - SUBJECT ADDED ENTRY--UNIFORM TITLE
Uniform title Adi Sankaracarya
650 ## - SUBJECT ADDED ENTRY--TOPICAL TERM
Topical term or geographic name as entry element Biography
650 ## - SUBJECT ADDED ENTRY--TOPICAL TERM
Topical term or geographic name as entry element Reference
700 ## - ADDED ENTRY--PERSONAL NAME
Personal name Gautam Patel
730 ## - ADDED ENTRY--UNIFORM TITLE
Uniform title Adi Sankaracarya
942 ## - ADDED ENTRY ELEMENTS (KOHA)
Koha item type Book
Holdings
Withdrawn status Lost status Damaged status Not for loan Home library Current library Date acquired Total Checkouts Full call number Barcode Date last seen Price effective from Koha item type
        Bhandarkar Oriental Research Institute, Pune Bhandarkar Oriental Research Institute, Pune 10/06/1993   BORI-72040 BORI-72040 05/25/2016 05/25/2016 Book